|
|
|
|
| LEADER |
00877nam a2200241 a 4500 |
| 001 |
1669673 |
| 008 |
090622s1999 nyua 001 0 eng d |
| 010 |
|
|
|a 98014374
|
| 020 |
|
|
|a 0471190322 (cloth : alk. paper)
|
| 040 |
|
|
|a DLC
|c DLC
|d DLC
|
| 082 |
0 |
0 |
|a 692/.3
|2 21
|
| 100 |
1 |
|
|a Rosen, Harold J.
|
| 245 |
1 |
0 |
|a Construction specifications writing :
|b principles and procedures /
|c Harold J. Rosen.
|
| 250 |
|
|
|a 4th ed.
|
| 260 |
|
|
|a New York :
|b John Wiley,
|c c1999.
|
| 300 |
|
|
|a xvi, 336 p. :
|b ill. ;
|c 29 cm.
|
| 504 |
|
|
|a Includes index.
|
| 541 |
1 |
|
|e 00013644
|
| 650 |
|
0 |
|a Specification writing.
|
| 650 |
|
0 |
|a Buildings
|x Specifications.
|
| 852 |
4 |
|
|a Ayesha Abed Library
|j General Shelf.
|
| 999 |
|
|
|c 1827
|d 1827
|
| 952 |
|
|
|0 0
|1 0
|2 ddc
|4 0
|6 692_300000000000000_ROS
|7 0
|9 1673
|a BRACUL
|b BRACUL
|c GEN
|d 2009-06-29
|g 610.00
|l 2
|o 692.3 ROS
|p 3010013644
|r 2021-06-10
|s 2020-02-02
|t 1
|w 2009-06-29
|y BK
|